| 000 | 01273cab a22002535a 4500 | ||
|---|---|---|---|
| 001 | L147523 | ||
| 008 | 090519e20090313xxk f l 000 0 eng d | ||
| 035 | _a(Sirsi) u147523 | ||
| 041 | 0 | _aeng | |
| 100 | 1 | _aPeters, Edward | |
| 245 | 0 | 0 | _aBeg, borrow or steal? |
| 260 | _c2009 | ||
| 490 | 0 |
_aNew Law Journal _v13 March 2009, 159(7360) 13 March 2009, 381-382(2) |
|
| 520 | _aConsiders recent decisions regarding mortgage possession and adverse possession. Issues covered include the need for mortgagors to have evidence of their financial means ready when seeking an adjournment of possession proceedings, Consumer Credit Act 1974 matters, when is a mortgage not a mortgage?, and that squatters cannot extinguish a public highway but can be estopped from claiming adverse possession. | ||
| 590 | _aKA | ||
| 650 | 2 | 4 | _aCHEVAL BRIDGING FINANCE v BHASISN |
| 650 | 2 | 4 | _aHEATH V SOUTHERN PACIFIC MORTGAGE LTD |
| 650 | 2 | 4 | _aBRIGHTON AND HOVE CITY COUNCIL V AUDUS |
| 650 | 2 | 4 | _aR (ON THE APPLICATION OF SMITH) v LAND REGISTRY (PETERBOROUGH OFFICE) |
| 650 | 2 | 4 | _aST PANCRAS AND HUMANIST HOUSING ASSOCIATION LTD V LEONARD |
| 651 | 4 |
_aEngland and Wales _y1543- |
|
| 690 | _aPROPERTY-RESIDENTIAL PROPERTY-ACQUISITION AND DISPOSAL OF RESIDENTIAL PROPERTY | ||
| 942 | _n0 | ||
| 999 |
_c81558 _d81558 |
||